| 000 | 00502ntaaa2200193 4500 | ||
|---|---|---|---|
| 003 | 01 | ||
| 005 | 20251027201059.0 | ||
| 008 | 0714s1973 ag 01 | ||
| 020 | _a842540665X | ||
| 040 |
_aAR-BaBN _bspa _cAR-BaBN _eaacr _dRIC |
||
| 082 | _a201 G55q | ||
| 100 |
_aGogarten, Friedrich _96840 |
||
| 245 |
_aQué es Cristianismo? / _cFriedrich Gogarten |
||
| 250 | _a1 ed. | ||
| 260 |
_aBarcelona : _bEditorial Herder, _cc1977 |
||
| 300 |
_a171 p. ; _c20 cm. |
||
| 650 |
_aCristianismo _98288 |
||
| 942 | _cBK | ||
| 999 |
_c5003 _d5003 |
||